Big 12 College Football Teams - NO HINTS - Statistics

General Stats
  • This quiz has been taken 53 times
  • The average score is 15 of 16
Answer Stats
Team % Correct
Texas Tech
100%
Colorado
96%
Kansas
96%
TCU
96%
Arizona
92%
Arizona State
92%
BYU
92%
Houston
92%
Iowa State
92%
Kansas State
92%
Oklahoma State
92%
Utah
92%
Baylor
88%
Cincinnati
88%
West Virginia
83%
UCF
79%
No matching quizzes found
Score Distribution
Percent of People with Each Score
Percentile by Number Answered
Your Score History
You have not taken this quiz